LEADER 01357nam--2200385---450- 001 990002231540203316 005 20100108155303.0 035 $a000223154 035 $aUSA01000223154 035 $a(ALEPH)000223154USA01 035 $a000223154 100 $a20041202h1982----km-y0itay0103----ba 101 0 $aita 102 $aIT 105 $a||||||||001yy 200 1 $a<> chiave del cielo$eracconti edificanti tratti dalla sacra scrittura a nostro insegnamento e avvertimento e conversazioni con il diavolo$fLeszek Kolakowski$geditoriale di Italo Mancini$gtraduzione dall'inglese di Arturo Lorini 210 $aBrescia$cQueriniana$dcopyr. 1982 215 $a228 p.$d19 cm 225 2 $aGiornali di teologia$v139 410 0$12001$aGiornali di teologia$v139 454 1$12001$aKluck Niebieski, Rozmowy z Diablem$935789 461 1$1001-------$12001 676 $a230 700 1$aKOLAKOWSKI,$bLeszek$0451230 702 1$aMANCINI,$bItalo 702 1$aLORINI,$bArturo 801 0$aIT$bsalbc$gISBD 912 $a990002231540203316 951 $aXXX.A. Coll. 94/ 30 (Coll. AYY 139)$bE.C.$cXXX.A. Coll. 94/ 30 (Coll. AYY)$d00263745 959 $aBK 969 $aGIU 979 $aSIAV3$b10$c20041202$lUSA01$h0955 979 $aRSIAV3$b90$c20100108$lUSA01$h1553 996 $aKluck Niebieski, Rozmowy z Diablem$935789 997 $aUNISA LEADER 01053nam0-22003131i-450 001 990004742140403321 005 20210601143547.0 035 $a000474214 035 $aFED01000474214 035 $a(Aleph)000474214FED01 035 $a000474214 100 $a19990530g18879999km-y0itay50------ba 101 0 $aita 105 $ay-------001yy 200 1 $a<>UNIVERSITA'$eRivista dell'istruzione superiore$eAnno I - N 1 e 2 - Aprile 1887$eAnno 2. n. 1 - gennaio 1888$fPubblicata da una societa di professori$epresidente Emilio Villari$gConsiglio di redazione$ePietro Albertoni$gFrancesco 210 $aBologna$cs.e.$d1887. 215 $a639 p.$d25 cm 702 1$aAlbertoni,$bPietro 702 1$aBertolini,$bFrancesco$f<1836-1909> 702 1$aCocconi,$bGirolamo 702 1$aVillari,$bEmilio$f<1836-1904> 801 0$aIT$bUNINA$gRICA$2UNIMARC 901 $aBK 912 $a990004742140403321 952 $a3/XI AA 35 (2)$bS.I.$fFLFBC 956 $a3/XI AA 35$bS.I.$fFLFBC 959 $aFLFBC 996 $aUniversitą$962405 997 $aUNINA LEADER 01460nam 2200469 450 001 9910555263803321 010 $a1-68367-307-7 010 $a1-68367-085-X 010 $a1-5231-1259-X 010 $a1-55581-968-0 035 $a(CKB)4100000000267574 035 $a(MiAaPQ)EBC5224794 035 $a(EXLCZ)994100000000267574 100 $a20180212h20172017 uy 0 101 0 $aeng 135 $aurcnu|||||||| 181 $2rdacontent 182 $2rdamedia 183 $2rdacarrier 200 10$aAntisepsis, disinfection, and sterilization $etypes, action, and resistance /$fGerald E. McDonnell 205 $aSecond edition. 210 1$aWashington, District of Columbia :$cASM Press,$d2017. 210 4$d©2017 215 $a1 online resource (410 pages) $cillustrations (some color) 311 $a1-55581-967-2 320 $aIncludes bibliographical references at the end of each chapters and index. 606 $aSterilization 606 $aAsepsis and antisepsis 606 $aDisinfection and disinfectants 608 $aElectronic books. 615 0$aSterilization. 615 0$aAsepsis and antisepsis. 615 0$aDisinfection and disinfectants. 676 $a614.4/8 700 $aMcDonnell$b Gerald E.$0313298 801 0$bMiAaPQ 801 1$bMiAaPQ 801 2$bMiAaPQ 906 $aBOOK 912 $a9910555263803321 996 $aAntisepsis, disinfection, and sterilization$9807090 997 $aUNINA